Beit Zaman the old forgotten
محفوظ في:
التنسيق: كتاب
اللغة: Undetermined
منشور في:
Cairo
IFAO
2023
الوسوم: إضافة وسم
لا توجد وسوم, كن أول من يضع وسما على هذه التسجيلة!
رقم الطلب:
| LEADER | 00268nam a2200109Ia 4500 | ||
|---|---|---|---|
| 008 | 240503s9999||||xx |||||||||||||| ||und|| | ||
| 020 | |a 9781739239701 | ||
| 245 | 1 | 0 | |a Beit Zaman the old forgotten |
| 264 | 1 | |a Cairo |b IFAO |c 2023 | |
| 300 | |b Plates |c 23 | ||
| 942 | |2 lcc |c BK | ||
| 999 | |c 58341 |d 58341 | ||
